[Event "World Junior U20 Girls 2018"]
[Site "Gebze"]
[Date "2018.09.06"]
[Round "2"]
[White "Zhu, Jiner"]
[Black "Song, Yuxin"]
[Result "1/2-1/2"]
[WhiteElo "2364"]
[BlackElo "2156"]
[Annotator "NA"]
[PlyCount "101"]
[EventDate "2018.09.05"]
[EventType "swiss"]
[EventCountry "TUR"]
[SourceTitle "playchess.com"]
[Source "ChessBase"]
[SourceQuality "1"]
[TimeControl "40/5400+30:1800+30"]

1. e4 {[%emt 0:00:30]} c5 {[%emt 0:00:30]} 2. Nf3 {[%emt 0:00:30]} d6 {[%emt 0:00:30]} 3. d4 {[%emt 0:00:30]} cxd4 {[%emt 0:00:00]} 4. Nxd4 {[%emt 0:00:00]} Nf6 {[%emt 0:00:00]} 5. Nc3 {[%emt 0:00:00]} a6 {[%emt 0:00:30]} 6. Be3 {[%emt 0:00:00]} e5 {[%emt 0:00:30]} 7. Nf3 {[%emt 0:00:00]} Be7 {[%emt 0:00:30]} 8. Bc4 {[%emt 0:00:00]} O-O {[%emt 0:02:30]} 9. O-O {[%emt 0:00:00]} Be6 {[%emt 0:02:30]} 10. Bb3 {[%emt 0:00:00]} Nc6 $11 {[%emt 0:02:30] LiveBook: 220 Games} 11. Qe2 {[%emt 0:00:00]} Na5 {[%emt 0:05:30]} 12. Rfd1 {[%emt 0:02:30]} Nxb3 {[%emt 0:01:30]} 13. axb3 {[%emt 0:00:30]} Qc7 {[%emt 0:00:30]} 14. Bg5 {[%emt 0:00:30]} Rac8 {[%emt 0:07:30]} 15. Ne1 {[%emt 0:02:30]} Ne8 {[%emt 0:04:30]} 16. Bxe7 {[%emt 0:02:30]} Qxe7 {[%emt 0:00:30]} 17. Qd2 {[%emt 0:07:30]} Qc7 {[%emt 0:09:30]} 18. Nd5 {[%emt 0:04:30]} Bxd5 {[%emt 0:01:30]} 19. Qxd5 {[%emt 0:00:30]} Nf6 {[%emt 0:00:30]} 20. Qd3 {[%emt 0:00:00]} Qc6 {[%emt 0:02:30]} 21. f3 {[%emt 0:04:00]} Rfd8 {[%emt 0:00:30]} 22. c4 {[%emt 0:07:30]} b5 {[%emt 0:02:30]} 23. Kf1 {[%emt 0:00:30]} Ne8 {[%emt 0:04:30]} 24. Rdc1 {[%emt 0:05:30]} Rb8 {[%emt 0:03:30]} 25. Qc3 {[%emt 0:13:30]} b4 {[%emt 0:07:30]} 26. Qd2 {[%emt 0:00:30]} Nc7 {[%emt 0:00:30]} 27. Nc2 {[%emt 0:01:30]} Qc5 {[%emt 0:00:30]} 28. Ra4 {[%emt 0:03:30]} a5 {[%emt 0:00:30]} 29. Rca1 {[%emt 0:00:30]} Ra8 {[%emt 0:00:30]} 30. R1a2 {[%emt 0:07:30]} f5 {[%emt 0:05:30]} 31. Qe2 {[%emt 0:07:30]} Re8 {[%emt 0:06:30]} 32. exf5 {[%emt 0:03:30]} d5 {[%emt 0:00:30]} 33. Ra1 {[%emt 0:00:00]} e4 {[%emt 0:01:30]} 34. fxe4 {[%emt 0:03:00]} dxe4 {[%emt 0:00:30]} 35. Ne3 {[%emt 0:00:30]} Red8 {[%emt 0:00:30]} 36. Re1 {[%emt 0:04:30]} Rd3 {[%emt 0:06:30]} 37. Raa1 {[%emt 0:00:30]} Rxb3 {[%emt 0:01:30]} 38. Rad1 {[%emt 0:02:46]} Qe5 {[%emt 0:04:28]} 39. Rd2 {[%emt 0:00:40]} Qxh2 {[%emt 0:01:48]} 40. c5 {[%emt 0:00:00]} Qh1+ {[%emt 0:00:00]} 41. Kf2 {[%emt 0:03:34]} Qh4+ {[%emt 0:00:44]} 42. Kg1 {[%emt 0:00:30]} Rd3 {[%emt 0:00:30]} 43. Red1 {[%emt 0:00:00]} Qe7 {[%emt 0:02:30]} 44. Rxd3 {[%emt 0:04:00]} exd3 {[%emt 0:00:30]} 45. Rxd3 {[%emt 0:00:30]} Qxc5 {[%emt 0:00:30]} 46. Rd7 {[%emt 0:00:00]} Re8 {[%emt 0:03:30]} 47. Qc4+ {[%emt 0:00:00]} Ne6 {[%emt 0:00:30]} 48. Qe4 {[%emt 0:04:30]} Nc7 {[%emt 0:00:00]} 49. Qc4+ {[%emt 0:00:30]} Ne6 {[%emt 0:00:00]} 50. Qe4 {[%emt 0:11:30]} Nc7 {[%emt 0:00:30]} 51. Qc4+ {[%emt 0:01:30]} 1/2-1/2

[Event "World Junior U20 Girls 2018"]
[Site "Gebze"]
[Date "2018.09.06"]
[Round "2"]
[White "Dordzhieva, Dinara"]
[Black "Ivana Maria, Furtado"]
[Result "1/2-1/2"]
[WhiteElo "2318"]
[BlackElo "2144"]
[Annotator "TA"]
[PlyCount "153"]
[EventDate "2018.09.05"]
[EventType "swiss"]
[EventCountry "TUR"]
[SourceTitle "playchess.com"]
[Source "ChessBase"]
[SourceQuality "1"]

{[%evp 9,153,24,17,0,10,40,69,44,61,-62,-64,-115,-122,-122,-123,-184,-70,-64,-63,-63,-77,-55,-73,-66,-67,-62,-18,-16,-31,-28,-24,-70,-33,-34,-16,-36,-9,-45,0,-58,-57,-64,-70,-69,-33,-35,-28,-43,-40,-42,22,22,14,9,18,9,95,89,110,92,97,68,98,68,90,0,101,102,196,205,172,142,144,172,180,154,148,52,55,48,48,50,52,0,185,182,285,227,224,218,216,232,212,209,273,241,275,0,133,0,279,273,243,114,150,119,478,81,64,17,15,17,45,38,40,36,40,30,40,30,54,8,69,55,68,31,41,8,8,8,8,8,8,0,0,0,8,0,0,0,0,0,0,0,8,0]} 1. Nf3 d5 2. g3 Nc6 3. d4 Bf5 4. Bg2 Qd7 5. O-O f6 (5... e6 6. c4 Rd8 7. Nc3 Nf6 8. Bg5 Be7 9. cxd5 Nxd5 10. Bxe7 Qxe7 11. Qb3 Qb4 12. Qxb4 Ndxb4 {1-0 (127) Radjabov,T (2710)-Deac,B (2543) Bastia 2016}) 6. a3 $146 {D02: Damenbauernspiele} ({Vorgänger:} 6. b3 O-O-O 7. Bb2 g5 8. c4 e6 9. c5 h5 10. h4 gxh4 11. Nxh4 Nge7 12. a4 {0-1 (26) Eramian,G (2023)-Tomnikova,L (1993) Saratov 2008}) 6... O-O-O 7. b4 Bh3 8. Bxh3 {Weiß steht etwas besser.} Qxh3 9. Nbd2 (9. c4 $14) 9... h5 $1 $15 10. b5 (10. e4 $15 dxe4 11. Nxe4) 10... Nxd4 $1 $17 11. Nxd4 h4 $1 {[%cal Rh4g3]} 12. N4f3 (12. N2f3 $17 {ist wohl besser.} hxg3 13. fxg3) 12... hxg3 (12... Nh6 $19 13. Nxh4 Ng4) 13. fxg3 $15 e5 14. Nb3 e4 $1 15. Rf2 exf3 16. exf3 Bd6 $1 {[%cal Rd6g3]} 17. Qf1 Ne7 (17... Qh5 {with more complications.} 18. Qg2 Ne7 19. f4 Qd1+ 20. Qf1 Qxf1+ 21. Rxf1 Nf5) 18. Qxh3+ Rxh3 19. Bd2 Nf5 20. a4 Rdh8 21. Rg2 $1 Be5 22. Re1 g5 23. c3 Nd6 24. Ree2 (24. Bxg5 $11 Nc4 25. Bh4) 24... Nc4 25. Be1 b6 26. Nd4 Bxd4+ 27. cxd4 Kd7 28. Bb4 R3h7 29. Re1 Re8 ({Lieber} 29... a5 $15 30. Bd2 Re7) 30. Rxe8 $11 Kxe8 {[%mdl 4096] Endspiel KTL-KTS} 31. Re2+ Kd7 32. g4 f5 (32... Nd6 $11) 33. gxf5 $16 Rf7 34. Kg2 Rxf5 35. Kg3 Rf4 36. Be7 Rxd4 37. Bf6 (37. Bxg5 $16 Rd1 38. h4) 37... Rd3 (37... Rd1 $11 {bleibt in der Remisbreite.}) 38. Bxg5 Nd6 (38... Rd1 $16) 39. h4 $18 Nf5+ 40. Kg4 Nd4 41. Re7+ Kd6 42. Rf7 {zielt auf h5 ab.} Rd1 43. Bf4+ (43. Kg3 $16) 43... Ke6 $14 44. Rxc7 {Droht Le3 und aus.} Rg1+ 45. Kh3 Nxf3 46. Rxa7 (46. Rc3 $14 Nd4 47. Be3 Rh1+ 48. Kg4) 46... Kf5 $2 (46... d4 $11 {und Schwarz steht sicher.}) 47. Bg3 $18 Rb1 (47... Ra1 $142 48. Bf2 Ne5) 48. Kg2 Nd2 49. Rf7+ Kg6 50. Rd7 {Schwarz muss nun h5+! beachten.} Nc4 51. Bf2 $1 Rb2 52. Kg3 Rb3+ 53. Kg2 (53. Kf4 $1 $18) 53... Rb2 $16 54. Kg3 (54. Rd8 $16) 54... Rb3+ $1 $18 {[#]} 55. Kf4 $1 Rb4 56. Bd4 (56. h5+ $18 {und Weiss behält klar die Oberhand.} Kxh5 57. Kf5 (57. Rxd5+ Kg6 $14)) 56... Rxa4 $16 57. Rxd5 Na3 $2 {[%mdl 8192] [#]} (57... Rb4 $16 58. h5+ Kh6) 58. Ke5 $2 (58. h5+ $1 $18 {und der Rest ist Schweigen.} Kh6 59. Kf3) 58... Ra5 59. Bxb6 (59. Ke6 $5 {[%cal Rh4h5]} Rxb5 60. Rd8 $11) 59... Rxb5 60. Bc5 Rb3 61. Kf4 Nc4 62. h5+ Kh6 63. Bf8+ Kh7 64. Rd7+ Kg8 65. Bc5 {Und Ld4 würde nun gewinnen.} Rh3 (65... Rb5 $11) 66. Kg5 {Droht stark Ld4.} Ne5 67. Rd8+ Kh7 68. Rc8 {Schwarz sollte Tc7+ verhindern.} (68. Rd5 Nf7+ 69. Kf4 Rh4+ 70. Kf3 Ng5+ 71. Rxg5 Kh6) 68... Nf7+ {Die Stellung ist ausgeglichen.} 69. Kg4 Rc3 70. Rc7 Kg8 71. Kf4 Rh3 72. Kg4 Rc3 73. Kf5 Rf3+ 74. Kg6 {Weiss droht Tc8+ und Matt.} Rg3+ 75. Kf6 {Und weiter mit Tc8+ wäre nett.} Rf3+ 76. Ke6 Ng5+ 77. Kd5 {Precision: Weiß = 40%, Schwarz = 55%.} 1/2-1/2

[Event "World Junior U20 Girls 2018"]
[Site "Gebze"]
[Date "2018.09.06"]
[Round "2"]
[White "Khomeriki, Nino"]
[Black "Santeramo, Alessia"]
[Result "1-0"]
[WhiteElo "2313"]
[BlackElo "2124"]
[Annotator "NA"]
[PlyCount "69"]
[EventDate "2018.09.05"]
[EventType "swiss"]
[EventCountry "TUR"]
[SourceTitle "playchess.com"]
[Source "ChessBase"]
[SourceQuality "1"]
[TimeControl "40/5400+30:1800+30"]

1. d4 {[%emt 0:03:30]} Nf6 {[%emt 0:00:30]} 2. c4 {[%emt 0:00:30]} e6 {[%emt 0:00:00]} 3. Nf3 {[%emt 0:01:30]} Bb4+ {[%emt 0:01:00]} 4. Bd2 {[%emt 0:00:30]} Qe7 {[%emt 0:00:00]} 5. Nc3 {[%emt 0:00:00]} O-O {[%emt 0:00:00]} 6. g3 {[%emt 0:00:00]} b6 {[%emt 0:00:30]} 7. Bg2 {[%emt 0:00:30]} Bb7 {[%emt 0:00:30]} 8. O-O {[%emt 0:00:30]} d6 {[%emt 0:02:30]} 9. d5 {[%emt 0:24:30]} e5 {[%emt 0:19:30]} 10. Ne1 {[%emt 0:07:30]} Nbd7 {[%emt 0:03:30]} 11. e4 {[%emt 0:17:30]} Nc5 {[%emt 0:01:30]} 12. Qe2 $11 {[%emt 0:02:30]} Bc8 {[%emt 0:08:30]} 13. Nd3 {[%emt 0:02:30]} Nxd3 {[%emt 0:06:30]} 14. Qxd3 {[%emt 0:00:30]} Nd7 {[%emt 0:00:30]} 15. Nb1 {[%emt 0:15:30]} Nc5 {[%emt 0:02:30]} 16. Qc2 {[%emt 0:00:30]} Bxd2 {[%emt 0:01:30]} 17. Nxd2 {[%emt 0:00:30]} a5 {[%emt 0:00:00]} 18. f4 {[%emt 0:04:06]} exf4 {[%emt 0:25:00]} 19. gxf4 {[%emt 0:01:17]} Bg4 {[%emt 0:00:30]} 20. Rae1 {[%emt 0:01:01]} Rae8 {[%emt 0:02:30]} 21. Qc3 {[%emt 0:01:20]} Qh4 {[%emt 0:02:30]} 22. b3 {[%emt 0:01:40]} f5 {[%emt 0:03:03]} 23. e5 {[%emt 0:00:47]} dxe5 {[%emt 0:01:14]} 24. fxe5 {[%emt 0:01:43]} f4 {[%emt 0:00:11]} 25. Nf3 {[%emt 0:07:59]} Bxf3 {[%emt 0:01:43]} 26. Bxf3 {[%emt 0:03:25]} Rf5 {[%emt 0:03:45]} 27. Kh1 {[%emt 0:00:06]} Qh3 {[%emt 0:02:41]} 28. d6 {[%emt 0:01:03]} Ne6 {[%emt 0:03:00]} 29. d7 {[%emt 0:00:28]} Rd8 {[%emt 0:00:53]} 30. Qd2 {[%emt 0:01:02]} Rxe5 {[%emt 0:00:53]} 31. Bg2 {[%emt 0:00:01]} Qf5 {[%emt 0:07:18]} 32. Rxe5 {[%emt 0:01:10]} Qxe5 {[%emt 0:00:10]} 33. Re1 {[%emt 0:00:13]} Qd6 {[%emt 0:01:38]} 34. Qxd6 {[%emt 0:00:30]} cxd6 {[%emt 0:00:30]} 35. Bd5 {[%emt 0:00:05]} 1-0

[Event "World Junior U20 Girls 2018"]
[Site "Gebze"]
[Date "2018.09.06"]
[Round "2"]
[White "Antova, Gabriela"]
[Black "Sankova, Stella"]
[Result "1-0"]
[WhiteElo "2292"]
[BlackElo "2081"]
[Annotator "TA"]
[PlyCount "154"]
[EventDate "2018.09.05"]
[EventType "swiss"]
[EventCountry "TUR"]
[SourceTitle "playchess.com"]
[Source "ChessBase"]
[SourceQuality "1"]

{[%evp 16,154,32,16,16,19,25,18,47,14,39,13,14,10,18,8,15,16,8,0,3,0,10,-5,-8,-22,0,0,10,-14,108,0,12,-9,-8,-12,-17,-15,-4,-12,0,0,0,0,0,-2,8,8,8,8,16,22,22,22,22,22,43,43,43,37,57,43,52,43,43,39,50,43,57,45,45,43,52,45,45,46,56,56,56,56,48,8,8,8,8,8,8,8,106,106,81,117,309,322,327,298,708,687,685,677,660,651,664,595,2222,2140,1711,1675,29965,29959,29966,29966,29970,29971,29970,29972,29971,29971,29973,29974,29974,29975,29975,29976,29976,29977,29977,29977,29978,29974,29979,29980,29980,29981,29980,29981,29988,29989,29989,29990,29989]} 1. d4 Nf6 2. c4 e6 3. Nf3 d5 4. Nc3 Bb4 5. Bg5 h6 6. Bxf6 Qxf6 7. e3 O-O 8. Rc1 c6 9. Qb3 {LiveBook: 5 Games. D38: Queen's Gambit Declined: Ragozin Defence (4 Nf3 Bb4)} (9. Bd3 Nd7 10. O-O Qe7 11. a3 Bxc3 12. Rxc3 dxc4 13. Bxc4 b6 14. Bd3 c5 15. Bb5 Rd8 16. Bc6 Rb8 17. Qc2 Bb7 18. Bxb7 Rxb7 19. Rd1 Rbb8 20. h3 a5 21. Rb1 Qf6 22. dxc5 Nxc5 23. b4 axb4 24. axb4 Ne4 25. Rc6 Nd6 {½-½ (25) Erigaisi,A (2505)-Sasikiran,K (2666) Yerevan 2018}) 9... Qe7 10. Bd3 Nd7 11. O-O {White has an edge.} Nf6 $146 ({Predecessor:} 11... dxc4 12. Qxc4 Bd6 13. Ne4 Bb8 14. Qb3 e5 15. d5 cxd5 16. Qxd5 Nf6 17. Nxf6+ Qxf6 {1-0 (80) Zontakh,A (2530)-Chichkin,V (2357) Kiev 1999}) 12. a3 Bd6 13. Rfe1 (13. c5 {keeps more tension.} Bc7 14. e4 dxe4 15. Nxe4 Rd8 16. Rfe1) 13... dxc4 14. Qxc4 e5 15. dxe5 Bxe5 16. Nxe5 Qxe5 17. Qh4 Rd8 18. Rcd1 {[#] Bh7+! is the strong threat.} Bf5 19. e4 Be6 20. Bc2 Qc5 21. h3 b5 22. e5 Nd5 (22... Rxd1 $11 23. Bxd1 Nd7) 23. Rd3 (23. Qe4 $16) 23... b4 $1 $11 {[%cal Rb4c3]} 24. axb4 Qxb4 25. Qxb4 Nxb4 26. Rxd8+ Rxd8 27. Be4 Kf8 28. f4 Ke7 29. Ra1 a6 30. Rd1 Rxd1+ 31. Nxd1 {[%mdl 4096] Endgame KBN-KBN} Bd5 32. Bb1 Ke6 33. Ne3 Ba2 34. Bf5+ Ke7 35. Kf2 g6 36. Be4 Ke6 37. g3 Bb3 38. Ke2 a5 39. Kd2 c5 40. Kc3 a4 41. Bf3 h5 42. Be4 Na2+ 43. Kd2 Nb4 44. Bb7 Kd7 45. Kc3 Be6 46. Bg2 Ke7 47. h4 Bb3 48. f5 gxf5 49. Nxf5+ Ke6 50. Ng7+ Kxe5 {[#] And now ...Na2+ would win.} 51. Nxh5 Na2+ (51... Kf5 $1 $11 {keeps the balance.}) 52. Kd2 $16 c4 {aiming for ...a3!} 53. Nf4 a3 $2 (53... f6 $16 54. Bf3 f5) 54. bxa3 $18 c3+ 55. Ke3 c2 $2 (55... Kd6 56. Nd3 f5) 56. Nd3+ Kf5 57. Bh3+ Kg6 {Threatens to win with ...Bc4.} 58. Kd2 f5 59. Bg2 Kh5 60. Bf3+ Kg6 61. Nc1 Nxc1 62. Kxc1 {KB-KB. White mates.} Ba4 63. Be2 Kf6 64. Bd3 Ke5 65. Bxc2 Bd7 66. Kd2 f4 67. gxf4+ Kxf4 68. Bd1 Bc6 69. Kc3 Ke5 70. Kb4 Kd6 71. Be2 Ba8 72. Bd3 Ke7 73. Kc5 Bf3 74. a4 {[%cal Ba3a4,Ba4a5,Ba5a6,Ba6a7][%mdl 32]} Kf6 75. a5 Kg7 76. a6 Kh6 77. a7 Kh5 {Precision: White = 65%, Black = 39%.} 1-0

[Event "World Junior U20 Girls 2018"]
[Site "Gebze"]
[Date "2018.09.06"]
[Round "2"]
[White "Sieber, Fiona"]
[Black "Kyrkjebo, Marte B"]
[Result "1-0"]
[WhiteElo "2277"]
[BlackElo "1935"]
[Annotator "NA"]
[PlyCount "97"]
[EventDate "2018.09.05"]
[EventType "swiss"]
[EventCountry "TUR"]
[SourceTitle "playchess.com"]
[Source "ChessBase"]
[SourceQuality "1"]
[TimeControl "40/5400+30:1800+30"]

1. e4 {[%emt 0:00:30]} e5 {[%emt 0:00:30]} 2. Nf3 {[%emt 0:00:30]} Nc6 {[%emt 0:00:00]} 3. Bb5 {[%emt 0:00:00]} a6 {[%emt 0:00:00]} 4. Ba4 {[%emt 0:00:00]} Nf6 {[%emt 0:00:00]} 5. O-O {[%emt 0:00:00]} b5 {[%emt 0:00:00]} 6. Bb3 {[%emt 0:00:00]} Bc5 {[%emt 0:00:30]} 7. a4 {[%emt 0:00:00]} Bb7 {[%emt 0:11:30]} 8. d3 {[%emt 0:00:00]} d6 {[%emt 0:00:30]} 9. Nc3 {[%emt 0:02:30]} b4 {[%emt 0:07:30]} 10. Nd5 {[%emt 0:10:30]} h6 {[%emt 0:10:30]} 11. Ne3 {[%emt 0:08:30] C78: Ruy Lopez: Archangelsk and Möller Defences} (11. a5 O-O 12. Be3 Nd7 13. Qd2 Kh7 14. c3 Bxe3 15. fxe3 Nc5 16. Bc2 b3 17. Bb1 Rb8 18. d4 Nd7 {1-0 (43) Caruana,F (2781)-Sokolov,I (2663) Wijk aan Zee 2013 CBM 153 [Marin,M]}) 11... Ne7 $146 {[%emt 0:08:30]} ({Predecessor:} 11... Na5 12. Ba2 Bxe3 13. Bxe3 O-O 14. c3 Nc6 15. Bd2 a5 16. Bc4 Ba6 17. Qb3 bxc3 18. Bxc3 Rb8 19. Qa2 Nb4 {½-½ (19) Kelemen,G-Deli,F Fuzesabony 1994}) 12. a5 {[%emt 0:04:30]} O-O {[%emt 0:02:30]} 13. Re1 {[%emt 0:05:30]} Ng6 {[%emt 0:03:30]} 14. h3 {[%emt 0:16:30]} Re8 {[%emt 0:04:30]} 15. Ba4 {[%emt 0:06:30]} c6 {[%emt 0:07:30]} 16. Nc4 {[%emt 0:03:30]} Qc7 {[%emt 0:05:30]} 17. Be3 {[%emt 0:04:30]} Bxe3 {[%emt 0:05:30]} 18. Nxe3 {[%emt 0:00:30]} Red8 {[%emt 0:03:30]} 19. Nc4 {[%emt 0:05:30]} Nd7 {[%emt 0:02:30]} 20. Qe2 {[%emt 0:06:30]} Nc5 {[%emt 0:06:28]} 21. Qe3 {[%emt 0:06:34]} Nxa4 {[%emt 0:04:20]} 22. Rxa4 {[%emt 0:00:02]} c5 {[%emt 0:00:03]} 23. Raa1 {[%emt 0:00:20]} Rf8 {[%emt 0:02:33]} 24. c3 {[%emt 0:02:49]} bxc3 {[%emt 0:01:27]} 25. bxc3 {[%emt 0:00:02]} f5 {[%emt 0:00:36]} 26. Rab1 {[%emt 0:02:59]} fxe4 {[%emt 0:04:34]} 27. dxe4 {[%emt 0:00:02]} Nf4 {[%emt 0:00:50]} 28. Nxd6 {[%emt 0:07:30]} Qxd6 {[%emt 0:01:46]} 29. Rxb7 {[%emt 0:00:02]} Qg6 {[%emt 0:00:12]} 30. Nh4 {[%emt 0:00:40]} Qh5 {[%emt 0:01:50]} 31. Nf5 {[%emt 0:01:29]} Ne6 {[%emt 0:01:18]} 32. Qg3 {[%emt 0:01:04]} Rf7 {[%emt 0:01:31]} 33. Rxf7 {[%emt 0:00:30]} Kxf7 {[%emt 0:00:30]} 34. Qxe5 {[%emt 0:00:06]} Qg6 {[%emt 0:00:47]} 35. Rb1 {[%emt 0:00:42]} Rd8 {[%emt 0:01:48]} 36. Rb7+ {[%emt 0:02:27]} Kf8 {[%emt 0:00:26]} 37. Re7 {[%emt 0:01:14]} Re8 {[%emt 0:01:44]} 38. Qd6 {[%emt 0:01:54]} Rxe7 {[%emt 0:00:37]} 39. Nxe7 {[%emt 0:01:13]} Qxe4 {[%emt 0:00:29]} 40. Nd5+ {[%emt 0:00:00]} Kg8 {[%emt 0:00:00]} 41. Ne3 {[%emt 0:05:51]} Nf4 {[%emt 0:12:11]} 42. Qxa6 $18 {[%emt 0:00:30]} Qb1+ {[%emt 0:01:16]} 43. Kh2 {[%emt 0:01:30]} Nd3 {[%emt 0:00:51]} 44. Qc8+ {[%emt 0:01:30]} Kh7 {[%emt 0:00:48]} 45. Qf5+ {[%emt 0:00:30]} Kh8 {[%emt 0:00:30]} 46. Qf8+ {[%emt 0:00:30]} Kh7 {[%emt 0:00:30]} 47. Nf5 {[%emt 0:00:30]} Qb7 {[%emt 0:00:30]} 48. Ne7 {[%emt 0:04:30]} h5 {[%emt 0:03:21]} 49. Qf5+ {[%emt 0:00:00]} 1-0

[Event "World Junior U20 Girls 2018"]
[Site "Gebze"]
[Date "2018.09.06"]
[Round "2"]
[White "Sliwicka, Alicja"]
[Black "Bai, Xue"]
[Result "1-0"]
[WhiteElo "2272"]
[BlackElo "2073"]
[Annotator "NA"]
[PlyCount "69"]
[EventDate "2018.09.05"]
[EventType "swiss"]
[EventCountry "TUR"]
[SourceTitle "playchess.com"]
[Source "ChessBase"]
[SourceQuality "1"]
[TimeControl "40/5400+30:1800+30"]

1. e4 {[%emt 0:00:30]} e6 {[%emt 0:00:30]} 2. d4 {[%emt 0:00:00]} d5 {[%emt 0:00:30]} 3. Nc3 {[%emt 0:00:00]} dxe4 {[%emt 0:00:00]} 4. Nxe4 {[%emt 0:00:30]} Nd7 {[%emt 0:00:00]} 5. Bd3 {[%emt 0:05:30]} Ngf6 {[%emt 0:00:30]} 6. Ne2 {[%emt 0:01:30]} c5 {[%emt 0:05:30]} 7. O-O {[%emt 0:09:30]} Be7 {[%emt 0:06:30]} 8. c3 $11 {[%emt 0:01:30]} O-O {[%emt 0:05:30]} 9. Qc2 {[%emt 0:00:30]} Nxe4 {[%emt 0:03:30]} 10. Bxe4 {[%emt 0:00:30]} Nf6 {[%emt 0:00:30]} 11. Bf3 {[%emt 0:00:30]} cxd4 {[%emt 0:12:30]} 12. Nxd4 {[%emt 0:01:30]} Qc7 {[%emt 0:01:30]} 13. Be3 {[%emt 0:05:30]} Bd7 {[%emt 0:01:30]} 14. a4 {[%emt 0:08:30]} Nd5 {[%emt 0:23:30]} 15. Bxd5 {[%emt 0:04:30]} exd5 {[%emt 0:00:30]} 16. Rfd1 {[%emt 0:02:30]} Bf6 {[%emt 0:04:00]} 17. Nb5 {[%emt 0:03:30]} Qc4 {[%emt 0:14:30]} 18. Qd3 {[%emt 0:05:30]} Qxd3 {[%emt 0:12:30]} 19. Rxd3 {[%emt 0:00:30]} Be6 {[%emt 0:02:15]} 20. Nc7 {[%emt 0:06:00]} Rac8 {[%emt 0:01:04]} 21. Nxd5 {[%emt 0:02:30]} Rfd8 {[%emt 0:02:47]} 22. Rad1 {[%emt 0:05:30]} Bxd5 {[%emt 0:01:29]} 23. Rxd5 {[%emt 0:00:30]} a6 {[%emt 0:00:46]} 24. Bb6 {[%emt 0:03:30]} Rxd5 {[%emt 0:01:06]} 25. Rxd5 {[%emt 0:00:30]} Kf8 {[%emt 0:00:53]} 26. Rd7 {[%emt 0:01:00]} Rc4 {[%emt 0:02:19]} 27. a5 {[%emt 0:00:30]} Ra4 {[%emt 0:00:22]} 28. g3 {[%emt 0:01:30]} Ke8 {[%emt 0:00:37]} 29. Rxb7 {[%emt 0:01:30]} Ra2 {[%emt 0:00:30]} 30. Bc7 {[%emt 0:04:30]} Be7 {[%emt 0:01:53]} 31. b4 {[%emt 0:04:30]} Bf6 {[%emt 0:00:30]} 32. c4 {[%emt 0:01:30]} Bd4 {[%emt 0:01:01]} 33. Bb6 {[%emt 0:00:30]} Bc3 {[%emt 0:00:12]} 34. Bc5 {[%emt 0:02:30]} Bf6 {[%emt 0:00:37]} 35. Ra7 1-0

[Event "World Junior U20 Girls 2018"]
[Site "Gebze"]
[Date "2018.09.06"]
[Round "2"]
[White "Diakonova, Ekaterina"]
[Black "Li, Yunshan"]
[Result "1-0"]
[WhiteElo "2243"]
[BlackElo "2060"]
[Annotator "NA"]
[PlyCount "119"]
[EventDate "2018.09.05"]
[EventType "swiss"]
[EventCountry "TUR"]
[SourceTitle "playchess.com"]
[Source "ChessBase"]
[SourceQuality "1"]
[TimeControl "40/5400+30:1800+30"]

1. e4 {[%emt 0:00:30]} c6 {[%emt 0:00:30]} 2. d4 {[%emt 0:00:00]} d5 {[%emt 0:00:30]} 3. e5 {[%emt 0:00:00]} c5 {[%emt 0:00:00]} 4. dxc5 {[%emt 0:00:30]} e6 {[%emt 0:00:00]} 5. a3 {[%emt 0:00:00] B12: Caro-Kann: Advance Variation} (5. Nf3 Bxc5 6. Bd3 Ne7 7. O-O Ng6 8. a3 O-O 9. Nbd2 Nc6 10. b4 Bb6 11. Bb2 Nf4 12. Nb3 a5 13. Qd2 Nxd3 14. cxd3 {½-½ (38) Vitiugov,N (2735)-Anand,V (2776) Karlsruhe/Baden-Baden 2018}) 5... Bxc5 {[%emt 0:00:30]} 6. b4 {[%emt 0:01:00]} Bb6 {[%emt 0:00:30]} 7. Nf3 {[%emt 0:00:30]} a5 {[%emt 0:00:30]} 8. b5 {[%emt 0:03:30]} Ne7 {[%emt 0:01:30]} 9. a4 $146 {[%emt 0:08:30]} ({Predecessor:} 9. Bd3 Nd7 10. O-O Ng6 11. Re1 Ndxe5 12. Nxe5 Nxe5 13. Rxe5 {0-1 (23) Ponizil,C (2478)-Rausis,I (2626) Czech Republic 2017}) 9... Nd7 {[%emt 0:00:30]} 10. Ba3 {[%emt 0:03:30]} Bc5 {[%emt 0:04:30]} 11. Bd3 {[%emt 0:10:30]} Ng6 {[%emt 0:07:30]} 12. Bxg6 {[%emt 0:09:30]} hxg6 {[%emt 0:02:30]} 13. c4 {[%emt 0:07:30]} Bxa3 {[%emt 0:11:30]} 14. Nxa3 {[%emt 0:00:30]} Nc5 {[%emt 0:00:30]} 15. O-O {[%emt 0:07:30]} b6 {[%emt 0:01:30]} 16. cxd5 {[%emt 0:02:30]} exd5 {[%emt 0:01:30]} 17. Nc2 {[%emt 0:01:30]} Bf5 {[%emt 0:04:30]} 18. Ncd4 {[%emt 0:03:30]} Be4 {[%emt 0:01:30]} 19. Nc6 {[%emt 0:01:30]} Qd7 {[%emt 0:03:30]} 20. Ng5 {[%emt 0:06:30]} Bd3 {[%emt 0:02:30]} 21. e6 {[%emt 0:08:30]} fxe6 {[%emt 0:02:30]} 22. Re1 {[%emt 0:02:30]} Bf5 {[%emt 0:05:30]} 23. g4 {[%emt 0:05:02]} Be4 {[%emt 0:06:30]} 24. f3 {[%emt 0:00:44]} Qd6 {[%emt 0:03:30]} 25. Ra2 {[%emt 0:01:45]} Bd3 {[%emt 0:11:30]} 26. Ne5 {[%emt 0:02:07]} Qe7 {[%emt 0:09:41]} 27. Nxe6 {[%emt 0:00:57]} Nxe6 {[%emt 0:00:27]} 28. Nxd3 {[%emt 0:01:11]} O-O {[%emt 0:00:25]} 29. Rae2 {[%emt 0:01:35]} Rf6 {[%emt 0:11:56]} 30. g5 {[%emt 0:00:52]} Rxf3 {[%emt 0:00:19]} 31. Rxe6 {[%emt 0:00:05]} Qxg5+ {[%emt 0:00:30]} 32. Kh1 {[%emt 0:00:00]} Raf8 {[%emt 0:00:51]} 33. Re8 {[%emt 0:04:19]} Kh7 {[%emt 0:00:20]} 34. Rxf8 {[%emt 0:01:26]} Rxf8 {[%emt 0:00:04]} 35. Qe2 {[%emt 0:02:56]} Rf6 {[%emt 0:04:20]} 36. Qe5 {[%emt 0:02:02]} Qh4 {[%emt 0:00:37]} 37. Qxd5 {[%emt 0:00:37]} Qh3 {[%emt 0:02:08]} 38. Rg1 {[%emt 0:01:28]} Rd6 {[%emt 0:00:53]} 39. Nf4 {[%emt 0:00:49]} Rxd5 {[%emt 0:01:12]} 40. Nxh3 {[%emt 0:00:30]} Rd4 {[%emt 0:00:00]} 41. Ng5+ {[%emt 0:12:28]} Kh6 {[%emt 0:00:17]} 42. Nf7+ {[%emt 0:00:30]} Kh7 {[%emt 0:00:30]} 43. Rc1 {[%emt 0:01:07]} Rxa4 $18 {[%emt 0:01:30]} 44. Rc8 {[%emt 0:01:18]} g5 {[%emt 0:01:30]} 45. Rc6 {[%emt 0:00:05]} Kg8 {[%emt 0:02:30]} 46. Nxg5 {[%emt 0:00:55]} Kf8 {[%emt 0:00:00]} 47. Rxb6 {[%emt 0:02:12]} Rb4 {[%emt 0:03:00]} 48. Rb7 {[%emt 0:02:37]} g6 {[%emt 0:00:30]} 49. Ne6+ {[%emt 0:02:01]} Ke8 {[%emt 0:00:30]} 50. b6 {[%emt 0:00:37]} a4 {[%emt 0:00:30]} 51. Nc5 {[%emt 0:00:47]} a3 {[%emt 0:00:30]} 52. Ra7 {[%emt 0:03:38]} Rxb6 {[%emt 0:00:30]} 53. Rxa3 {[%emt 0:00:01]} Rc6 {[%emt 0:00:30]} 54. Ne4 {[%emt 0:00:33]} Kf7 {[%emt 0:00:30]} 55. Kg2 {[%emt 0:00:05]} Kg7 {[%emt 0:01:30]} 56. Kg3 {[%emt 0:00:52]} Rb6 {[%emt 0:01:30]} 57. Rf3 {[%emt 0:02:22]} Re6 {[%emt 0:01:30]} 58. Ng5 {[%emt 0:01:05]} Re7 {[%emt 0:00:00]} 59. Rc3 {[%emt 0:00:25]} Ra7 {[%emt 0:04:23]} 60. Rc7+ {[%emt 0:00:15]} 1-0